000 00535nam a22001937a 4500
005 20251108172056.0
008 250721s1993 xx 000 0 ara d
082 1 4 _a927.9/كام
100 1 _aكامل، مجدي
245 1 0 _aفنانات وراء الحجاب /
264 1 _aالقاهرة :
_bمركز الراية للنشر و الإعلام،
_c1993.
300 _a199ص
650 1 7 _aالفنانون
650 1 7 _aالتراجم
650 1 7 _aالحجاب
650 1 7 _aمصر
942 _2ddc
_cBK
999 _c69836
_d69836